|
|
|
|
| LEADER |
00000cam a22000004a 4500 |
| 001 |
musev2_78438 |
| 003 |
MdBmJHUP |
| 005 |
20230905052107.0 |
| 006 |
m o d |
| 007 |
cr||||||||nn|n |
| 008 |
180522s2018 enk o 00 0 eng d |
| 020 |
|
|
|a 9781526126993
|
| 020 |
|
|
|z 9781526126986
|
| 020 |
|
|
|z 1526126990
|
| 035 |
|
|
|a (OCoLC)1036986077
|
| 040 |
|
|
|a MdBmJHUP
|c MdBmJHUP
|
| 100 |
1 |
|
|a Chaudhuri, Sukanta,
|d 1950- ...
|4 aut
|0 (FrPBN)12178487
|0 (isni)0000000374740565
|
| 245 |
1 |
2 |
|a A Companion to Pastoral Poetry of the English Renaissance /
|c Sukanta Chaudhuri.
|
| 264 |
|
1 |
|a Manchester :
|b Manchester University Press,
|c 2018.
|
| 264 |
|
3 |
|a Baltimore, Md. :
|b Project MUSE,
|c 2021
|
| 264 |
|
4 |
|c ©2018.
|
| 300 |
|
|
|a 1 online resource (344 pages).
|
| 336 |
|
|
|a text
|b txt
|2 rdacontent
|
| 337 |
|
|
|a computer
|b c
|2 rdamedia
|
| 338 |
|
|
|a online resource
|b cr
|2 rdacarrier
|
| 490 |
0 |
|
|a The Manchester Spenser
|
| 500 |
|
|
|a Est une etude critique de l'anthologie de l'auteur "Pastoral poetry of the English Renaissance."
|
| 588 |
|
|
|a Description based on print version record.
|
| 650 |
|
7 |
|0 (FrPBN)12080864
|a Poesie anglaise
|y 16e siecle
|0 (FrPBN)11975721
|x Histoire et critique.
|2 ram
|
| 650 |
|
7 |
|0 (FrPBN)12026658
|a Poesie pastorale anglaise
|0 (FrPBN)11975721
|x Histoire et critique.
|2 ram
|
| 655 |
|
7 |
|a Electronic books.
|2 local
|
| 710 |
2 |
|
|a Project Muse.
|e distributor
|
| 830 |
|
0 |
|a Book collections on Project MUSE.
|
| 856 |
4 |
0 |
|z Texto completo
|u https://projectmuse.uam.elogim.com/book/78438/
|
| 945 |
|
|
|a Project MUSE - Custom Collection
|